| 000 | 00760 a2200157 4500 | ||
|---|---|---|---|
| 020 | _a9780784410462 | ||
| 020 | _a0784410461 | ||
| 082 | _a624.151 GE | ||
| 245 |
_aSoils and rock instrumentation, behavior, and modeling : _bselected papers from the 2009 GeoHunan International Conference, August 3-6, 2009, Changsha, Hunan, China / _chosted by Changsha University of Science and Technology, China ; co-sponsored by ASCE Geo-Institute, USA ... [et al.] ; edited by Louis Ge ... [et al.]. |
||
| 260 |
_aReston, Va. : _bGeo Institute, American Society of Civil Engineers, _c2009. |
||
| 300 |
_ax, 109 p. : _bill. ; _c22 cm. |
||
| 650 | _aRoad materials | ||
| 650 | _aSoils | ||
| 650 |
_aEngineering geology _xInstruments |
||
| 650 | _aPavements | ||
| 830 | 0 | _aGeotechnical special publication ; | |
| 999 |
_c2302 _d2302 |
||